000 01066nam2a22002651 4500
001 v19\rc\1387041
005 20250618092457.0
035 _a(NLR Aleph) 004520530
090 _a4861822
_c4861822
100 _a20060512d1874 |||y0rusy50 ca
101 1 _arus
_cger
102 _aRU
105 _aa z |||||
200 1 _aДикие звери всех частей света, их привычки и образ жизни, в 60-ти рисованных с натуры и раскрашенных картинах
210 _dценз. 1874
_aБ. м.
215 _a31 с., 60 л. ил.
461 0 _1001v19\rc\1387039
_12001#$aМир в картинах$eТекст Германа Вагнера$v[6]
_94861805
_cСанкт-Петербург
_d1870-1874
_nМ.О. Вольф
_oТекст Германа Вагнера
_tМир в картинах
_v[6]
801 0 _aRU
_bNLR
_gpsbo
801 0 _aRU
_bRuMoRGB
_2psbo
801 1 _aRU
_bProSoft-M
_2rusmarc
852 _aNLR
_j18.39.2.46
899 _aRuMoRGB
_jC 14/337
899 _aБАН
942 _cBOOK
980 _aNB